Т. 2; Локальные вычислительные сети

Podrobná bibliografie
Parent link:Локальные вычислительные сети: тезисы докладов третьей Всесоюзной конференции ЛОКСЕТЬ 88, 25-27 октября 1988, Рига/ Академия наук Латвийской ССР (АН ЛатССР), Институт электроники и вычислительной техники (ИЭиВТ). Т. 2.— , 1988
Jazyk:ruština
Vydáno: 1988
Témata:
Médium: Kniha
KOHA link:https://koha.lib.tpu.ru/cgi-bin/koha/opac-detail.pl?biblionumber=264676

MARC

LEADER 00000nam2a2200000 4500
001 264676
005 20231101233843.0
035 |a (RuTPU)RU\TPU\book\287673 
090 |a 264676 
100 |a 20140620d1988 k y0rusy50 ca 
101 0 |a rus 
102 |a LV 
105 |a a z 101zy 
200 0 |a Т. 2 
210 |d 1988 
215 |a 251 с.  |c ил. 
320 |a Библиография в конце статей 
320 |a Именной указатель: с. 245-250. 
461 1 |0 (RuTPU)RU\TPU\book\286196  |t Локальные вычислительные сети  |o тезисы докладов третьей Всесоюзной конференции ЛОКСЕТЬ 88, 25-27 октября 1988, Рига  |o в 2 т.  |f Академия наук Латвийской ССР (АН ЛатССР), Институт электроники и вычислительной техники (ИЭиВТ)   |v Т. 2  |d 1988 
606 1 |a Локальные сети  |2 stltpush  |3 (RuTPU)RU\TPU\subj\40598  |9 60441 
610 1 |a административное управление 
610 1 |a тестирование 
610 1 |a диагностика 
610 1 |a технические средства 
610 1 |a надежность 
610 1 |a отказоустойчивость 
610 1 |a применение 
610 1 |a конференции 
675 |a 681.324(063)  |v 3 
801 1 |a RU  |b 63413507  |c 20140620 
801 2 |a RU  |b 63413507  |c 20150417  |g RCR 
942 |c BK